Most expensive football transfers - Left-Backs - 2011-2012 Season - Statistics

General Stats
  • This quiz has been taken 12 times
  • The average score is 5 of 10
Answer Stats
Fee (M €) Nationality Left Joined Player % Correct
30,00 Portugal Benfica Real Madrid Fábio Coentrão
100%
18,00 England Aston Villa Manchester United Ashley Young
90%
7,75 France Arsenal Manchester City Gaël Clichy
90%
15,00 Italy Genoa Zenti S-Pb Domenico Criscito
50%
8,00 Spain Newcastle Liverpool José Enrique
50%
9,60 Brazil Maldonado FC Porto Alex Sandro
40%
5,65 Italy Inter Newcastle Davide Santon
40%
7,00 Brazil Fenerbahce Arsenal André Santos
30%
7,00 Guinea / France Chievo Verona Genoa Kévin Constant
20%
6,00 Spain CA Osasuna Málaga CF Nacho Monreal
10%
No matching quizzes found
Score Distribution
Percent of People with Each Score
Percentile by Number Answered
Your Score History
You have not taken this quiz